| 000 | 01303cam a2200409 i 4500 | ||
|---|---|---|---|
| 001 | 200429208 | ||
| 651 | 0 |
_94824 _aEurope _xRelations _zTurkey |
|
| 651 | 0 |
_94822 _aTurkey _xRelations _zEurope |
|
| 651 |
_913288 _aTürkiye _xİlişkiler _zAvrupa |
||
| 651 | 0 |
_931725 _aTurkey _xCivilization _xWestern influences |
|
| 999 |
_c200429208 _d47132 |
||
| 003 | TR-AnTOB | ||
| 005 | 20240611141628.0 | ||
| 007 | ta | ||
| 008 | 801113s1975 tu b 001 0 tur | ||
| 010 | _a 80507546 | ||
| 040 |
_aDLC _beng _erda _cDLC _dDLC _dTR-AnTOB |
||
| 041 | 0 | _atur | |
| 043 |
_aa-tu--- _ae------ |
||
| 050 | 0 | 0 |
_aDR476 _b.B47 |
| 090 | 0 |
_aDR476 _b.B47 1975 |
|
| 100 | 1 |
_aBerkes, Niyazi, _d1908-1988 _eauthor _919481 |
|
| 245 | 1 | 0 |
_aTürk düşününde Batı sorunu / _cNiyazi Berkes. |
| 250 | _a1. basım. | ||
| 264 | 1 |
_aAnkara : _bBilgi Yayınevi, _c1975. |
|
| 300 |
_a303 pages ; _c20 cm. |
||
| 336 |
_atext _btxt _2rdacontent |
||
| 337 |
_aunmediated _bn _2rdamedia |
||
| 338 |
_avolume _bnc _2rdacarrier |
||
| 490 | 0 | _aBilgi dizisi ; 22 | |
| 490 | 0 | _aBilgi yayınları | |
| 504 | _aIncludes bibliographical references and index. | ||
| 590 | _aDonated by Levent Kuşoğlu | ||
| 651 | 0 |
_aAvrupa _xİlişkiler _zTürkiye _9114464 |
|
| 651 |
_aTürkiye _xUygarlık _xBatı etkileri _9103593 |
||
| 942 |
_2lcc _cBK |
||